Beyond the Trenches – The Social and Cultural Impact of the Great War (Record no. 18428)
[ view plain ]
| 000 -LEADER | |
|---|---|
| fixed length control field | 00659nam a2200121Ia 4500 |
| 008 - FIXED-LENGTH DATA ELEMENTS--GENERAL INFORMATION | |
| fixed length control field | 220615s9999||||xx |||||||||||||| ||und|| |
| 245 #0 - TITLE STATEMENT | |
| Title | Beyond the Trenches – The Social and Cultural Impact of the Great War |
| Remainder of title | Second Edition |
| 546 ## - LANGUAGE NOTE | |
| Language note | English[eng] |
| 650 ## - SUBJECT ADDED ENTRY--TOPICAL TERM | |
| Topical term or geographic name entry element | History||Ancient history||European history||General and world history||Literature: history and criticism||Music||Psychology||Religion and beliefs||Anthropology||Social and cultural anthropology||Sociology |
| 700 ## - ADDED ENTRY--PERSONAL NAME | |
| Personal name | Dzikowska, Elzbieta Katarzyna||Handley, Agata G.||Zawilski, Piotr |
| 856 ## - ELECTRONIC LOCATION AND ACCESS | |
| Uniform Resource Identifier | <a href="https://library.oapen.org/bitstream/20.500.12657/42355/1/9783631806753.pdf">https://library.oapen.org/bitstream/20.500.12657/42355/1/9783631806753.pdf</a> |
| 942 ## - ADDED ENTRY ELEMENTS (KOHA) | |
| Koha item type | E-Books |
| Withdrawn status | Lost status | Damaged status | Not for loan | Home library | Current library | Date acquired | Total Checkouts | Date last seen | Price effective from | Koha item type |
|---|---|---|---|---|---|---|---|---|---|---|
| Kerala University of Digital Sciences, Innovation and Technology Knowledge Centre | Kerala University of Digital Sciences, Innovation and Technology Knowledge Centre | 15/06/2022 | 15/06/2022 | 15/06/2022 | E-Books |